Czech Republic Euro 2021 Squad - Statistics

General Stats
  • This quiz has been taken 25 times
  • The average score is 17 of 26
Answer Stats
Position Club Player % Correct
MF West Ham United Tomas Soucek
100%
GK Werder Bremen Jiri Pavlenka
93%
FW Bayer Leverkusen Patrik Schick
93%
GK Sevilla FC Tomas Vaclik
93%
DF West Ham United Vladimir Coufal
93%
MF Spartak Moscow Alex Kral
87%
MF Hellas Verona Antonin Barak
80%
MF Sampdoria Jakub Jankto
80%
FW Sparta Prague Adam Hlozek
73%
DF TSG Hoffenheim Pavel Kaderabek
73%
MF Hertha BSC Vladimir Darida
73%
FW Burnley Matej Vydra
67%
DF Slavia Prague Tomas Holes
67%
DF Bristol City Tomas Kalas
67%
FW Legia Warsaw Tomas Pekhart
67%
DF Slavia Prague Jan Boril
60%
DF Viktoria Plzen Jakub Brabec
53%
FW PAOK Michael Krmencik
53%
MF Slavia Prague Lukas Masopust
47%
MF Slavia Prague Petr Sevcik
47%
DF Slavia Prague David Zima
40%
DF Sparta Prague Ondrej Celustka
40%
GK Olomouc Ales Mandous
33%
MF Liberec Michal Sadilek
33%
DF Brescia Ales Mateju
27%
MF Sparta Prague Jakub Pesek
27%
No matching quizzes found
Score Distribution
Percent of People with Each Score
Percentile by Number Answered
Your Score History
You have not taken this quiz